LEADER 01244nam 2200433 450 001 9910555181403321 005 20230613104603.0 010 $a1-119-42324-4 010 $a1-119-42325-2 010 $a1-119-42326-0 035 $a(CKB)4100000008402803 035 $a(MiAaPQ)EBC5784919 035 $a(EXLCZ)994100000008402803 100 $a20190624d2019 uy 0 101 0 $aeng 135 $aurcnu|||||||| 181 $ctxt$2rdacontent 182 $cc$2rdamedia 183 $acr$2rdacarrier 200 00$aCardiology board review $eECG, hemodynamic, and angiographic unknowns /$fedited by George A. Stouffer 210 1$aHoboken, NJ :$cWiley Blackwell,$d2019. 215 $a1 online resource (264 pages) 311 $a1-119-42323-6 606 $aCardiology$vCase studies 606 $aHeart$xDiseases$vCase studies 608 $aExamination Question 608 $aCase Reports 615 0$aCardiology 615 0$aHeart$xDiseases 676 $a616.1209 700 $aStouffer$b George A$0863537 702 $aStouffer$b George A. 801 0$bMiAaPQ 801 1$bMiAaPQ 801 2$bMiAaPQ 906 $aBOOK 912 $a9910555181403321 996 $aCardiology board review$92820683 997 $aUNINA LEADER 01986nam 22005053u 450 001 9910777390903321 005 20230607214802.0 035 $a(CKB)1000000000003001 035 $a(EBL)3384697 035 $a(SSID)ssj0000279530 035 $a(PQKBManifestationID)12060808 035 $a(PQKBTitleCode)TC0000279530 035 $a(PQKBWorkID)10261007 035 $a(PQKB)10184821 035 $a(MiAaPQ)EBC3384697 035 $a(EXLCZ)991000000000003001 100 $a20151005d2001|||| u|| | 101 0 $aeng 135 $aur|n|---||||| 181 $ctxt 182 $cc 183 $acr 200 10$aFlash 5 Cartoons & Games F/X & Design$b[electronic resource] 210 $aPhoenix $cParaglyph Press$d2001 215 $a1 online resource (350 p.) 300 $aDescription based upon print version of record. 311 $a1-932111-57-3 327 $a""About the Authors""; ""Acknowledgments""; ""Contents at a Glance""; ""Table of Contents""; ""Foreword""; ""Introduction""; ""Getting and Planning Your Story""; ""Character Development""; ""Sound""; ""Background Scenery""; ""Character Animation""; ""Lip-Synching and Facial Expressions""; ""Ita???s a Wrap""; ""Introduction to Game Design""; ""Designing Trivia Games""; ""Designing Adventure Games""; ""Collaboration Across the Internet""; ""Using Active Server Pages (ASP) with Flash Games""; ""Artificial Intelligence""; ""Links"" 606 $aComputer animation 606 $aComputer games -- Programming 606 $aFlash (Computer file) 615 4$aComputer animation. 615 4$aComputer games -- Programming. 615 4$aFlash (Computer file). 676 $a006.6/96 700 $aTurner$b Bill$01473287 701 $aBazley$b Richard$01561930 701 $aRobertson$b James$0167699 801 0$bAU-PeEL 801 1$bAU-PeEL 801 2$bAU-PeEL 906 $aBOOK 912 $a9910777390903321 996 $aFlash 5 Cartoons & Games F$93829072 997 $aUNINA